La Cultura visual en la época del posnacionalismo. ¿ Quién nos va a cortar la identidad ? /
Guardat en:
| Autor principal: | |
|---|---|
| Format: | Text |
| Matèries: | |
| Etiquetes: |
Afegir etiqueta
Sense etiquetes, Sigues el primer a etiquetar aquest registre!
|
MARC
| LEADER | 00000 a a2200000 04500 | ||
|---|---|---|---|
| 001 | 10690 | ||
| 003 | |||
| 040 | |||
| 100 | |a García Canclini, Néstor | ||
| 245 | |a La Cultura visual en la época del posnacionalismo. ¿ Quién nos va a cortar la identidad ? / |c Néstor García Canclini | ||
| 500 | |a También en: Nueva Sociedad. número 127, setiembre-octubre 1993 | ||
| 650 | |a IDENTIDAD CULTURAL | ||
| 650 | |a GLOBALIZACION | ||
| 650 | |a ESTADO | ||
| 650 | |a CREACION ARTISTICA | ||
| 650 | |a CINE | ||
| 650 | |a MEDIOS DE COMUNICACION | ||
| 773 | |g número 180 -181; páginas 250-262 | ||
| 999 | |c 27857 |d 27857 | ||
